000 00331nam a22001337a 4500
020 _qPB.
040 _cFIZZA ISHAQ
082 _a005.133
_bBRE
100 _aWELCH,BRENT.
_991002
245 _aPRACTICAL PROGRAMMING IN TCL AND TK /
_cBRENT WELCH.
260 _aNEW YORK ;
_bPEARSON,
_c2003.
300 _a882 P. ;
942 _2ddc
_cBK
999 _c589200
_d589200